000 00871cam a22002893a 4500
001 6353
003 PGUSA
005 20140828083131.0
008 040801s2004||||xxu|||||s|||||000 1 eng d
040 _aPGUSA
_beng
042 _adc
050 4 _aPS
100 1 _aMcCutcheon, George Barr,
_d1866-1928
245 1 4 _aThe Prince of Graustark
_h[electronic resource] /
_cGeorge Barr McCutcheon
260 _bProject Gutenberg,
_c2004
506 _aPublic domain in the USA.
516 _aElectronic text
653 _aPrinces -- Fiction
653 _aGraustark (Imaginary place) -- Fiction
653 _aCourts and courtiers -- Fiction
653 _aImaginary places -- Europe, Eastern -- Fiction
653 _aLove stories
653 _aEurope -- Fiction
830 0 _aProject Gutenberg
_v6353
856 4 0 _uhttp://www.gutenberg.org/ebooks/6353
942 _cEB
999 _c235676
_d235676